000 00547nam a2200181 i 4500
001 38810
003 ES-MaACL
005 20251012183243.0
007 t|
008 140829s1991 cl ||||1| lat d
100 1 _aZamorano, Pedro Emilio.
_9155311
245 1 0 _aPedro Olmos
_b: pinacoteca /
_c[Textos: Pedro Emilio Zamorano].
260 _a[Talca, Chile] :
_bUniversidad de Talca,
_c[1991?]
300 _a[20] p. :
_bil. ;
_c21 cm.
600 1 7 _aOlmos, Pedro,
_d1911-1991
_2
_9155312
852 _aES-MaACL
_j1870-F-1
999 _c38810
_d38810